000 00410nam a2200181Ia 4500
001 9781
005 20260306161743.0
008 260306t2016||||xx |||||||||||||| ||spa||
041 _aESP
082 _a425
_bS791
100 _aSwan, Michael
_eAUT
245 0 _aPractical english usage
260 _c2016
300 _a635 páginas :
_c23 cm.
650 _aGEN
654 _aCHU
942 _cLIB
_dJUS
_fJUS
_2ddc
_n
999 _c9781
_d9781